000 00330nam a2200133Ia 4500
008 191201s2019 xx 000 0 und d
082 _a615.4 DAG
100 _aDASGUPTA, Tarun K
245 0 _aGate a key to success pharmacy
260 _bAITBS pub
_aNew delhi
_c2019
300 _a277
650 _aMiscellaneous
942 _2ddc
_cBK
999 _c8194
_d8194